000 00843cab a2200265 4500
001 ABS51815
008 090401t1994 xxu||||| |||| 00| 0 eng d
035 _a(Sirsi) u45071
041 _aeng
100 _aSamuels, A.
245 _aPlanning: favourable presumptions
260 _c1994
350 _a0
490 _aSolicitors` Journal
_v138(42) 4 November 1994, 1132-1133(2)
520 _aDiscusses the law and practice of presumptions in favour of granting planning permission and highlights illustrative decisions from case law.
650 _aPLANNING AND COMPENSATION ACT 1991
650 _aPLANNING PERMISSION
650 _aPPG1
650 _aPRESUMPTION IN FAVOUR
650 _aPRESUMPTIONS
650 _aTOWN AND COUNTRY PLANNING ACT 1990
690 _aPLANNING LAW AND PRACTICE
942 _n0
948 _c04/03/1997
999 _c28655
_d28655